00485nam a22001457a 450000500170000000800410001702000180005804000100007608200250008610000200011124500750013126000680020630000240027465000410029820260218150549.0260218b |||||||| |||| 00| 0 eng d a9789393875099 cVITAP 223rd Ed.a294.56 HIN aThe Hindu Group aWho Am I ? Bhagavan Sri Ramana Maharshi (1879-1950)c/ The Hindu Group aChennaibTHG (The Hindu Group) Publishing Private Limitedc2023 a190p. : ill. ; 30cm 0aRamana Maharshi; Who I Am; Maharshi